000 01247nam a22003137a 4500
005 20240530110448.0
008 150430s2007 ua g b 000 0 ara d
017 _a2007/3984
_bمصر . دار الكتب المصرية
020 _a9774196163
040 _aEG-CaGPL
082 0 4 _221
_a726.2\
_bم م
100 0 _aمحمد السيد سالم
245 1 2 _aالماذن :
_bرحلة الشموخ والشروخ /
_cمحمد السيد سالم
260 _aالقاهرة :
_bالهيئة المصرية العامة للكتاب ،
_c2007 .
300 _a519 ص ؛
_c24 سم
504 _aببليوجرافية : ص 511 - 515
650 0 4 _aالمآذن
650 0 4 _aالاسلام
_xتاريخ
650 0 4 _aانتشار الاسلام فى اذربيجان
650 0 4 _aانتشار الاسلام فى كازاخستان
650 0 4 _aانتشار الاسلام فى تركستان
650 0 4 _aانتشار الاسلام فى افغانستان
650 0 4 _aانتشار الاسلام فى الصين
650 0 4 _aالاثار الاسلامية فى الهند
650 0 4 _aالعمارة الاسلامية
650 0 4 _aالمساجد
942 _2ddc
_cBK
999 _c61185
_d61185